|
|
|
|
| LEADER |
00000nam0a2200000 4500 |
| 001 |
316919 |
| 005 |
20231102002925.0 |
| 010 |
|
|
|a 9785496015455
|
| 035 |
|
|
|a (RuTPU)RU\TPU\book\342387
|
| 090 |
|
|
|a 316919
|
| 100 |
|
|
|a 20160401d2016 km y0rusy50 ca
|
| 101 |
1 |
|
|a rus
|c eng
|
| 102 |
|
|
|a RU
|
| 105 |
|
|
|a a z 001zy
|
| 200 |
1 |
|
|a Алгоритмы. Разработка и применение
|e пер. с англ.
|f Дж. Клейнберг, Е. Тардос
|
| 210 |
|
|
|a Санкт-Петербург
|c Питер
|d 2016
|
| 215 |
|
|
|a 800 с.
|c ил.
|
| 225 |
1 |
|
|a Классика Computer Science
|
| 320 |
|
|
|a Библиография в конце глав
|
| 330 |
|
|
|a Впервые на русском языке выходит одна из самых авторитетных книг по разработке и использованию алгоритмов. Алгоритмы — это основа программирования, определяющая, каким образом программное обеспечение будет использовать структуры данных. Вы познакомитесь с базовыми аспектами построения алгоритмов, основными понятиями и определениями, структурами данных, затем перейдете к основным методам построения алгоритмов, неразрешимости и методам решения неразрешимых задач, и, наконец, изучите рандомизацию при проектировании алгоритмов. Самые сложные темы объясняются на четких и простых примерах, поэтому книга может использоваться как для самостоятельного изучения студентами, так и учеными-исследователями или профессионалами в области компьютерных технологий, которые хотят получить представление о применении тех или иных методов проектирования алгоритмов. Алгоритмический анализ состоит из двух фундаментальных компонентов: выделения математически чистого ядра задачи и выявления методов проектирования подходящего алгоритма на основании структуры задачи. И чем лучше аналитик владеет полным арсеналом возможных методов проектирования, тем быстрее он начинает распознавать «чистые» формулировки, лежащие в основе запутанных задач реального мира.
|
| 606 |
1 |
|
|a Алгоритмы составления программ
|2 stltpush
|3 (RuTPU)RU\TPU\subj\69508
|9 84343
|
| 610 |
1 |
|
|a анализ
|
| 610 |
1 |
|
|a графы
|
| 610 |
1 |
|
|a динамическое программирование
|
| 610 |
1 |
|
|a NP-полные задачи
|
| 610 |
1 |
|
|a вычислительная неразрешимость
|
| 610 |
1 |
|
|a PSpice
|
| 610 |
1 |
|
|a аппроксимирующие алгоритмы
|
| 610 |
1 |
|
|a локальный поиск
|
| 610 |
1 |
|
|a теория
|
| 610 |
1 |
|
|a упражнения
|
| 675 |
|
|
|a 004.421
|v 4
|
| 700 |
|
1 |
|a Клейнберг
|b Дж.
|g Джон
|
| 701 |
|
1 |
|a Тардос
|b Е.
|g Ева
|
| 801 |
|
1 |
|a RU
|b 63413507
|c 20160401
|
| 801 |
|
2 |
|a RU
|b 63413507
|c 20160713
|g RCR
|
| 942 |
|
|
|c BK
|
| 959 |
|
|
|a 32/20160331
|d 1
|e 1299,00
|f ЧЗТЛ:1
|